Quizzes
Events
Quiz Creation
Community
Videos
Private Events
Remove Ads
Sign In
Join for FREE
Feedback
Dark Mode
Quiz Categories
Sports
Geography
Music
Movies
Television
Just For Fun
Miscellaneous
History
Literature
Language
Science
Gaming
Entertainment
Religion
Holiday
For Kids
Quiz Lab
Recent
Popular Today
Quiz Kudos Today
Editor Picks
Curator Picks
Quizzes by...
Day
Popularity
Type
Ratings
Length
Year
Community
Subscriptions
Recent Discussions
Orange Saloon
Badges
Playlists
Quests
Create
Leaderboards
Showdown
Live 5
Trivia Bingo
Activity
Puzzle Library
Sporcle Events
Private Events
Virtual Trivia
Globe League
Become a Host
Pub Owners
SporcleCon
Opinionation
Our Games
Videos
Blog
Mobile Apps
Partnerships
Remove Ads and Go Orange
Feedback
History
US Presidents
World Leaders
Politics
Nation
Discovery
War
Decade
Year
Century
Biography
Art
History
US Presidents
World Leaders
Politics
Nation
Discovery
War
Decade
Year
Century
Biography
Art
Random Quiz
Search Sporcle
×
Quiz Lab
Quiz Lab
History
Continent
Type in answers that appear in a list
Type in answers that appear in a list
Classic
Best Score? Go Orange.
1980 and Up UN Members Stats
Can you name the Un members that joined in at least 1980?
By
luckyluky98
9m
45 Questions
48 Plays
48 Plays
48 Plays
Comments
Comments
Give Quiz Kudos
Give Quiz Kudos
-
- Ratings
hide this ad
Replay
Link that replays current quiz
Next Quiz
Link to next quiz in quiz playlist
You Got
0%
They Got
Avg Score
62%
Avg Friend Score
Upgrade to see
Score Distribution
Jump to the score distribution portion of the page
Score
0/45
Timer
09:00
0
Plays Today
Continent
Country
% Correct
Europe
Estonia
81.3%
Europe
Latvia
81.3%
Europe
Czech Republic
79.2%
Europe
Lithuania
77.1%
Asia
Uzbekistan
77.1%
Europe
Slovenia
77.1%
Europe
Croatia
77.1%
Europe
Slovakia
77.1%
Asia
Kazakhstan
75%
Europe
Bosnia and Herzegovina
75%
Europe
Montenegro
75%
Europe
Republic of Macedonia
72.9%
Oceania
Micronesia
70.8%
Europe
Republic of Moldova
70.8%
Asia
Kyrgyzstan
70.8%
Asia
Tajikistan
70.8%
North America
Belize
68.8%
Oceania
Marshall Islands
68.8%
Asia
Turkmenistan
68.8%
Oceania
Kiribati
68.8%
Oceania
Nauru
68.8%
Oceania
Vanuatu
66.7%
Europe
Armenia
66.7%
Continent
Country
% Correct
Asia
Georgia
66.7%
Oceania
Palau
64.6%
Asia
Azerbaijan
62.5%
Oceania
Tonga
62.5%
Oceania
Tuvalu
62.5%
Europe
San Marino
58.3%
Africa
Eritrea
58.3%
Europe
Monaco
58.3%
Europe
Switzerland
56.3%
Oceania
Timor-Leste
56.3%
North America
Saint Kitts and Nevis
52.1%
Europe
Andorra
52.1%
Africa
Zimbabwe
50%
Europe
Liechtenstein
50%
Asia
Democratic Peoples Republic of Korea
50%
North America
Antigua and Barbuda
45.8%
45.8%
Asia
Republic of Korea
43.8%
North America
Saint Vincent and the Grenadines
41.7%
Africa
Namibia
35.4%
Asia
Brunei
31.3%
Europe
Federal Republic of Yugoslavia
27.1%
Quiz Playlist
Details
Report
Send in Message
Add To Playlist
Classic:
Type in answers that appear in a list
Last Updated: Feb 16, 2017
Quiz Scoreboard
CHALLENGE
Sign Up to Join the Scoreboard
Show All
Scores
Hide
Comments
May contain spoilers
Recently Published
An Introduction to Baseball
by treessimontrees
Sports
5m
Movies - When Are They Set?
by FPL_Elf
Movies
5m
Popular People in 1961
by mucciniale
History
6m
More to Explore
Quiz From the Vault
Featured Blog Post
Where Did the Easter Bunny Come From?
hide this ad
You Might Also Like...
Tags
Continent Quiz
Country Quiz
1980
Joined
least
Today's Top Quizzes in History
Browse History
hide this ad
Today's Top Quizzes in Continent
Browse Continent
Top Contributed Quizzes in History
1
Popular People in 1991
2
Popular People in 1981
3
Popular People in 1951
4
Popular People in 1941
5
Popular People in 1986
6
Popular People in 1976
7
Popular People in 1921
8
I Am Born On March 28th
9
Popular People in 1946
10
Popular People in 1936
Explore More
Trending Topics
Harry Potter
Kpop
Marvel
Crossword
Disney
Anime
NBA
Pokémon
Song
NFL
WWE
The Office
Puzzle
Country
Soccer
hide this ad
More By:
luckyluky98
Quiz
Plays
Rating
Category
Featured
Created
Top Ten Most Populous Countries.
310
2.33
Geography
Dec 3, 2009
National Sports
126
Sports
Jul 18, 2010
2009-2010 Pittsburgh Penguins
83
3.00
Sports
Mar 2, 2010
Mario Kart Wii Courses
68
3.00
Gaming
Dec 3, 2009
1980 and Up UN Members
48
1.00
History
Jul 19, 2010
Go to Creator's Profile
Score Distribution
Quiz Creator Spotlight
luckyluky98
Follow
Send a Message
Quizzes Created
-
Created Quiz Play Count
-
More By This Creator
Popular Quizzes Today
1
Find the Countries of Europe - No Outlines Minefield
2
Find the US States - No Outlines Minefield
3
The Countries of the World
4
Popular People in 1961
5
US States
6
Find the US States
7
1-10 Letter E Words III
8
Risky Map Clicking: Biggest States A-Z
More History Quizzes
Iconic Cars of the 1970s II
Curator's Pick
Trending Quizzes
Risky Map Clicking: Least Populous States A-Z
1-10 Letter F Words
1-10 Letter G Words
One Thing in Common: United Kingdom
Risky Map Clicking: Next State Alphabetically
Recently Updated
Leaping Animals
pecheneg
Reality TV Shows (A-Z)
bhenderson79
Rickey Henderson's Hall of Fame Teammates
pecheneg
Champions League XIs: Arsenal
pecheneg
Quick Pick: Celebrities in WWE's Hall of Fame
aduchscher
A-Z Keypad Blitz II
pecheneg
Multiple Oscar Actors
pecheneg
Mystery Phrase Blitz: Oscar 'Best Actors'
pecheneg
F. Scott Fitzgerald Novels
LTH
Pick 3 Villains
ddd62291
Trending Topics
Kpop
NBA
Marvel
Harry Potter
Crossword
Anime
Disney
Pokémon
Puzzle
WWE
Song
Country
Soccer
The Office
NFL
Your Account Isn't Verified!
In order to create a playlist on Sporcle, you need to verify the email address you used during registration. Go to your
Sporcle Settings
to finish the process.
Report this User
Report this user for behavior that violates our
Community Guidelines
.
Details:
Send Report
Go to the Sporcle.com Mobile Site →
Comments